书目信息 |
| 题名: |
世说新语
|
|
| 作者: | 刘义庆, 撰 ;刘孝标 , 鄢先觉 , 赵振铎 注 | |
| 分册: | 上 | |
| 出版信息: | 长沙 岳麓书社 2024.11 |
|
| 页数: | 2册 (843页, [48] 页图版) | |
| 开本: | 22cm | |
| 丛书名: | ||
| 单 册: | ||
| 中图分类: | I242.1 | |
| 科图分类: | ||
| 主题词: | 笔记小说--bi ji xiao shuo--中国--南朝时代 | |
| 电子资源: | ||
| ISBN: | 978-7-5538-2135-1 | |
| 000 | 01140nam0 2200301 450 | |
| 001 | CAL 012025012942 | |
| 005 | 20251022114244.16 | |
| 010 | @a978-7-5538-2135-1@b精装@dCNY84.00 | |
| 099 | @aCAL 012025012942 | |
| 100 | @a20241211d2024 em y0chiy0120 ea | |
| 101 | 0 | @achi |
| 102 | @aCN@b430000 | |
| 105 | @aaf z 000ay | |
| 106 | @ar | |
| 200 | 1 | @a世说新语@Ashi shuo xin yu@f(南朝宋) 刘义庆撰@g(南朝梁) 刘孝标注@g鄢先觉, 赵振铎注译@h上 |
| 210 | @a长沙@c岳麓书社@d2024.11 | |
| 215 | @a2册 (843页, [48] 页图版)@c彩图@d22cm | |
| 330 | @a本书记录了自汉末至刘宋时期名士贵族的逸闻趣事、言谈举止以及生活风貌, 是研究魏晋南北朝时期历史、文化、社会风貌的重要资料。全书共三十六门, 涵盖了德行、言语、政事、文学、方正、雅量等多个方面。 | |
| 605 | @a世说新语@Ashi shuo xin yu@x注释 | |
| 606 | 0 | @a笔记小说@Abi ji xiao shuo@y中国@z南朝时代 |
| 690 | @aI242.1@v5 | |
| 701 | 0 | @a刘义庆,@ALiu Yiqing@f403-444@4撰 |
| 702 | 0 | @a刘孝标@ALiu Xiaobiao@4注 |
| 702 | 0 | @a鄢先觉@AYan Xianjue@4注译 |
| 702 | 0 | @a赵振铎@AZhao Zhenduo@4注译 |
| 801 | 0 | @aCN@c20250919 |
| 905 | @a河南城建学院图书馆@dI242.1@eL705-8:1@ZL705-8:1@f1 | |
| 998 | @aSJT | |
| 世说新语/(南朝宋) 刘义庆撰/(南朝梁) 刘孝标注/鄢先觉, 赵振铎注译.上.-长沙:岳麓书社,2024.11 |
| 2册 (843页, [48] 页图版):彩图;22cm |
| ISBN 978-7-5538-2135-1(精装):CNY84.00 |
| 本书记录了自汉末至刘宋时期名士贵族的逸闻趣事、言谈举止以及生活风貌, 是研究魏晋南北朝时期历史、文化、社会风貌的重要资料。全书共三十六门, 涵盖了德行、言语、政事、文学、方正、雅量等多个方面。 |
| ● |
| 相关链接 |
|
|
|
正题名:世说新语
索取号:I242.1/L705-8:1
 
预约/预借
| 序号 | 登录号 | 条形码 | 馆藏地/架位号 | 状态 | 备注 |
| 1 | 1637719 | 216377196 | 文学库108/108文学库 21排2列5层/ [索取号:I242.1/L705-8:1] | 在馆 |